000
00486nam a2200181Ia 4500
008
100917s9999 xx 000 0 und d
082
_b
14627
100
_a
भिडे वि. वा.
245
_a
पण तिसरा कोण
260
_b
---
_c
1927
300
_a
354
365
_b
2
520
_a
कादंबरी
630
_a
पण तिसरा कोण
650
_a
कादंबरी
730
_a
पण तिसरा कोण
942
_c
BOOK
999
_c
620021
_d
620018